00847nam a22002057a 4500999001900000005001700019010001500036020002700051035001400078037001300092082001500105100001900120245013200139260004500271270006600316300002500382500007600407942002900483952012900512 c159688d15968820181231113158.0 aENG-124612 a9780199474424c1195.00 aEN-108144 bDBAD/PUB a344.540465 aSarkar, Aditya aTrouble at the mill:cby Aditya Sarkarbfactory law and the emergence of the labour question in late nineteenth-century bombay/ aNew DelhibOxford University Pressc2018 bNew Delhie110002a2/11 Ground Floor, Ansari Road, Daryaganj, axii,360p.c22cm.(Hb) aIt includes conclusion, select bibliography, index and about the author 2ddccENh344.540465mSAR 001040718NFICaDBADbBNd2018-12-31eDBAD/PUBg1195.00l0o344.540465 SARpEN-108144r2018-12-31 00:00:00t1v1195.00yEN